Statistics for States of the German Confederation in 1848

Click here to take the quiz!

General Stats

  • This quiz has been taken 5,659 times
  • The average score is 11 of 40

Answer Stats

State % Correct
Bavaria
96%
Prussia
88%
Hamburg
78%
Austria
74%
Saxony
68%
Bremen
58%
Hanover
57%
Frankfurt
52%
Baden
51%
Holstein
47%
Hesse
(Electorate)
47%
Hesse
(Grand Duchy)
47%
Württemberg
43%
Luxembourg
41%
Liechtenstein
32%
Lübeck
32%
Oldenburg
22%
Brunswick
19%
Nassau
16%
Limburg
13%
Saxe-Coburg-Gotha
13%
Lippe
11%
Saxe-Lauenburg
9%
Mecklenburg-
Schwerin
9%
Schaumburg-Lippe
8%
Saxe-Meiningen
8%
Saxe-Weimar-
Eisenach
8%
Mecklenburg-
Strelitz
8%
Waldeck-Pyrmont
8%
Hohenzollern-
Hechingen
7%
Anhalt-Dessau
7%
Anhalt-Köthen
6%
Hohenzollern-
Sigmaringen
6%
Reuss-Greiz
6%
Saxe-Altenburg
6%
Anhalt-Bernburg
6%
Reuss-Gera
5%
Schwarzburg-
Rudolstadt
5%
Schwarzburg-
Sondershausen
5%
Hesse-Homburg
5%

Score Distribution

Percentile by Number Answered

Percent of People with Each Score

Your Score History

You have not taken this quiz